Heat transfer (Record no. 3641)

000 -LEADER
fixed length control field 00564nam a2200229 a 4500
001 - CONTROL NUMBER
control field 3641
003 - CONTROL NUMBER IDENTIFIER
control field BD-DhUET
008 - FIXED-LENGTH DATA ELEMENTS--GENERAL INFORMATION
fixed length control field 960506s1997 nyua b 001 0 eng
020 ## - INTERNATIONAL STANDARD BOOK NUMBER
International Standard Book Number 0071143203
020 ## - INTERNATIONAL STANDARD BOOK NUMBER
International Standard Book Number 0078447852
040 ## - CATALOGING SOURCE
Original cataloging agency DLC
Transcribing agency DLC
Modifying agency BD-DhUET
082 00 - DEWEY DECIMAL CLASSIFICATION NUMBER
Classification number 621.011
Item number HOL/1997
100 1# - MAIN ENTRY--PERSONAL NAME
Personal name Holman, J. P.
245 10 - TITLE STATEMENT
Title Heat transfer
250 ## - EDITION STATEMENT
Edition statement 8th ed.
260 ## - PUBLICATION, DISTRIBUTION, ETC. (IMPRINT)
Place of publication, distribution, etc. New York
Name of publisher, distributor, etc. McGraw-Hill
Date of publication, distribution, etc. 1997
300 ## - PHYSICAL DESCRIPTION
Extent xviii, 696 p.
Other physical details ill.
490 ## - SERIES STATEMENT
Series statement Schaum's outline series
504 ## - BIBLIOGRAPHY, ETC. NOTE
Bibliography, etc Includes bibliographies
650 #0 - SUBJECT ADDED ENTRY--TOPICAL TERM
Topical term or geographic name as entry element Heat transfer
942 ## - ADDED ENTRY ELEMENTS (KOHA)
Koha item type General Book
Holdings
Koha date last borrowed Not for loan Shelving location Damaged status Date acquired Sublocation or collection (holding branch) Withdrawn status Koha item type Koha date last seen Source of classification or shelving scheme Location (home branch) Koha issues (times borrowed) Copy number Koha full call number Koha out on loan Lost status Piece designation (barcode) Price effective from Koha normalized classification for sorting
2025-04-27 Circulation section 2014-11-03Central Library, BUET General Book2025-04-27 Central Library, BUET31621.011/HOL/19972025-05-11 924502014-11-03621_011000000000000_HOL_1997
  Circulation section 2014-11-03Central Library, BUET General Book2014-11-03 Central Library, BUET 2621.011/HOL/1997  924522014-11-03621_011000000000000_HOL_1997
  Circulation section 2014-11-03Central Library, BUET General Book2016-07-30 Central Library, BUET 3621.011/HOL/1997  924532014-11-03621_000000000000000_011HOL1997
2022-01-09 Circulation section 2014-11-03Central Library, BUET General Book2022-06-08 Central Library, BUET14621.011/HOL/1997  924542014-11-03621_000000000000000_011HOL1997
2024-10-02 Circulation section 2014-11-03Central Library, BUET General Book2024-10-28 Central Library, BUET25621.011/HOL/1997  924552014-11-03621_000000000000000_011HOL1997
2023-12-10 Circulation section 2014-11-03Central Library, BUET General Book2024-08-31 Central Library, BUET36621.011/HOL/1997  924572014-11-03621_000000000000000_011HOL1997
  Circulation section 2014-11-03Central Library, BUET General Book2014-11-03 Central Library, BUET 7621.011/HOL/1997  924592014-11-03621_000000000000000_011HOL1997
2024-03-12 Circulation section 2014-11-03Central Library, BUET General Book2024-08-28 Central Library, BUET18621.011/HOL/1997  924602014-11-03621_011000000000000_HOL_1997
2024-04-08 Circulation section 2014-11-03Central Library, BUET General Book2024-06-22 Central Library, BUET19621.011/HOL/1997  924612014-11-03621_000000000000000_011HOL1997
2024-12-10 Circulation section 2014-11-03Central Library, BUET General Book2025-03-12 Central Library, BUET510621.011/HOL/1997  924622014-11-03621_000000000000000_011HOL1997
2015-03-04 Circulation section 2014-11-03Central Library, BUET General Book2017-05-03 Central Library, BUET111621.011/HOL/1997  924642014-11-03621_000000000000000_011HOL1997
2019-06-17 Circulation section 2014-11-03Central Library, BUET General Book2019-07-10 Central Library, BUET312621.011/HOL/1997  924652014-11-03621_000000000000000_011HOL1997
2022-05-24 Circulation section 2014-11-03Central Library, BUET General Book2022-06-08 Central Library, BUET313621.011/HOL/1997  924662014-11-03621_000000000000000_011HOL1997
  Circulation section 2015-04-12Central Library, BUET General Book2015-04-12 Central Library, BUET 14621.011 HOL/1997  924682015-04-12621_011000000000000_HOL_1997
  Reading section 2015-07-02Central Library, BUET Reading Item2015-07-02 Central Library, BUET 15621.011/HOL/1997  924472015-07-02621_011000000000000_HOL_1997
  Reading section 2015-07-09Central Library, BUET Reading Item2015-07-09 Central Library, BUET 16621.011/HOL/1997  924462015-07-09621_011000000000000_HOL_1997